000
00313nam a2200121Ia 4500
005
20251222153604.0
008
251222s9999||||xx |||||||||||||| ||spa||
082
_a
005.74/M61
245
0
_a
Guía Inscripción de Bancos de Datos Personales
250
_a
1ra. ed.
264
_b
Ministerio de Justicia
942
_c
LIB
999
_c
31336
_d
31336